| 000 | 01721nam a2200349 a 4500 | ||
|---|---|---|---|
| 999 |
_c390704 _d390704 |
||
| 003 | BLK | ||
| 005 | 20240924114541.0 | ||
| 008 | 201026b bu |||||r|||| 00| | bu d | ||
| 020 | _a9786190105190 | ||
| 040 | _aBLK | ||
| 041 |
_aBUL _cBUL |
||
| 080 |
_aВтора световна война _b94(100)"1939/1945" _z94(100)"1939/1945" |
||
| 080 |
_aИстория на войните. Военни кампании. Битки. Военни подвизи _b355.48 _z355.48(430) |
||
| 100 |
_9300912 _aБийвър, Антъни _eпърви автор |
||
| 139 |
_aБийвър, Антъни _bБ 44 |
||
| 245 |
_aПадането на Берлин 1945 _cАнтъни Бийвър ; прев. от англ. Галина Лозанова, Николай Вуков |
||
| 260 |
_9210881 _aСофия _bИзток-Запад _c2019 _n978-619-01- ; 978-619-152- ; 978-954-321- ; 954-8945- |
||
| 300 |
_a478 с. _bс ил., портр.,к. _c25 см |
||
| 380 | _a9 | ||
| 500 | _aОриг. загл.: Berlin. The downfall: 1945 / Antony Beevor Биогр. данни за авт. - Речник: с. 438-439 ; Азб. показалец | ||
| 504 | _aБиблиогр.: с. 459-466 | ||
| 650 | 0 |
_9266732 _aВтора световна война |
|
| 653 | 7 |
_9183507 _aвоенна история |
|
| 653 | 7 |
_9183529 _aвоенни действия |
|
| 700 | 1 |
_aЛозанова, Галина Каменова _d1955 - _989394 |
|
| 700 |
_91021 _aВуков, Николай Иванов _eпрев. от англ. |
||
| 852 | _bЦб | ||
| 852 |
_bП _c94(100)"1939/1945"/Б 44 А |
||
| 942 |
_cKNG _n0 _s1 _09 |
||
| 944 |
_aCR _c2020-10-26 _k30560 _lГеновева Генчева |
||
| 944 |
_aED _c2021-08-04 _kГГГ |
||